MARC

LEADER 00000nam0a2200000 4500
001 82191
005 20231031095559.0
035 |a (RuTPU)RU\TPU\book\88337 
090 |a 82191 
100 |a 20050928d1986 k y0rusy50 ca 
101 0 |a rus 
102 |a RU 
105 |a a z 001zy 
200 1 |a Инженерные расчеты упругопластической контактной деформации  |f М. С. Дрозд, М. М. Матлин, Ю. Н. Сидякин 
210 |a Москва  |c Машиностроение  |d 1986 
215 |a 219 с.  |c ил. 
320 |a Библиогр.: с. 216-218 
610 1 |a металлы 
610 1 |a упругопластическое деформирование 
610 1 |a упрочнение 
610 1 |a пластическая твердость 
610 1 |a расчет 
610 1 |a пластическая деформация 
610 1 |a тела двоякой кривизны 
610 1 |a шероховатые поверхности 
610 1 |a ударная нагрузка 
675 |a 669:539.37  |v 3 
700 1 |a Дрозд  |b М. С.  |g Марк Соломонович 
701 1 |a Матлин  |b М. М.  |g Михаил Маркович 
701 1 |a Сидякин  |b Ю. Н.  |g Юрий Иванович 
801 1 |a RU  |b 63413507  |c 20050928  |g PSBO 
801 2 |a RU  |b 63413507  |c 20150116  |g PSBO 
942 |c BK